Analyses of Appearance and Character Traits in English and French Gothic Fiction bakalárska práca

Uložené v:
Podrobná bibliografia
Hlavný autor: Vašečková, Júlia
Korporativný autor: Fakulta aplikovaných jazykov EU v Bratislave. Katedra interkultúrnej komunikácie
Ďalší autori: Pavlíková, Žaneta, 1973-
Médium: Kniha
Jazyk:English
Vydavateľské údaje: Bratislava 2025
Tagy: Pridať tag
Žiadne tagy, Buďte prvý, kto otaguje tento záznam!

MARC

LEADER 00000nbm a2200000 4500
001 0308957
005 20260211111625.9
041 0 |a eng 
044 |a SK 
245 1 0 |a Analyses of Appearance and Character Traits in English and French Gothic Fiction  |b bakalárska práca  |c Júlia Vašečková ; školiteľ: Žaneta Pavlíková 
264 1 |a Bratislava  |c 2025 
300 |a 39 s. 
100 1 |a Vašečková, Júlia 
700 1 |a Pavlíková, Žaneta, 1973- 
710 2 |a Fakulta aplikovaných jazykov EU v Bratislave. Katedra interkultúrnej komunikácie